000 00658nam a2200265Ia 4500
005 20260121164930.0
008 008 260114s9999 xx 000 0 eng d
020 _a9783658174460
037 _aEBOOK
040 _aCRL
040 _beng
040 _cCRL
041 _2eng
041 _aeng
084 _qCRL
100 _aHarfst Philip, Kubbe Ina, Poguntke Thomas
_91045447
245 0 _aParties, Governments and Elites
260 _bSpringer
260 _bSpringer
260 _c2017
856 _uhttps://link.springer.com/openurl?genre=book&isbn=978-3-658-17446-0
942 _cEBOOK
999 _c1611170
_d1611170